[Event "Belgrade Trifunovic Memorial"]
[Site "Belgrade"]
[Date "2022.12.24"]
[Round "1"]
[White "Jeremic, Dusan"]
[Black "Todorovic, Goran N"]
[Result "0-1"]
[WhiteElo "2055"]
[BlackElo "2296"]
[PlyCount "89"]
[EventDate "2022.12.24"]
[EventType "swiss (rapid)"]
[EventRounds "9"]
[EventCountry "SRB"]
[SourceTitle "EXT 2024"]
[Source "ChessBase"]
[SourceDate "2023.10.10"]
[SourceVersion "1"]
[SourceVersionDate "2023.10.10"]
[SourceQuality "1"]

1. e4 c5 2. Bc4 Nc6 3. c3 e6 4. Qe2 g6 5. Nf3 Bg7 6. d3 Nge7 7. Bb3 0-0 8. Be3 b6 9. 0-0 d5 10. Nbd2 Ba6 11. Bc2 Qc7 12. Bg5 h6 13. Bh4 Rad8 14. Bg3 Qd7 15. Rfd1 dxe4 16. Nxe4 Nf5 17. Ba4 Nxg3 18. Nxg3 Qc7 19. Qe4 Bb7 20. Qe3 Ne7 21. d4 Bxf3 22. gxf3 Nd5 23. Qe4 cxd4 24. cxd4 Rc8 25. Bb3 Rfd8 26. Bxd5 Rxd5 27. Qe3 Qd7 28. Ne2 e5 29. Rd2 exd4 30. Qf4 Kh7 31. Rad1 Rd8 32. Nc3 Rg5+ 33. Kh1 Qh3 34. Rg1 Rf5 35. Qg3 Rxf3 36. Qxh3 Rxh3 37. Nb5 Rd7 38. Rgd1 Rh4 39. Nc3 a6 40. f3 Rf4 41. Kg2 g5 42. Ne2 Rf5 43. b3 Rfd5 44. Nc3 dxc3 45. Rxd5 0-1

[Event "Belgrade-chT2 Quality"]
[Site "Belgrade"]
[Date "2022.11.12"]
[Round "10.2"]
[White "Janjic, Stefan"]
[Black "Jeremic, Dusan"]
[Result "1-0"]
[WhiteElo "2144"]
[BlackElo "2090"]
[PlyCount "42"]
[EventDate "2022.10.15"]
[EventType "team-tourn"]
[EventRounds "13"]
[EventCountry "SRB"]
[SourceTitle "EXT 2024"]
[Source "ChessBase"]
[SourceDate "2023.10.10"]
[SourceVersion "1"]
[SourceVersionDate "2023.10.10"]
[SourceQuality "1"]
[WhiteTeam "Belgrade Vodovod"]
[BlackTeam "Belgrade Bogoslov"]
[WhiteTeamCountry "SRB"]
[BlackTeamCountry "SRB"]

1. d4 Nf6 2. Nf3 e6 3. c4 c5 4. d5 d6 5. Nc3 g6 6. e4 Bg7 7. dxe6 fxe6 8. e5 dxe5 9. Qxd8+ Kxd8 10. Nxe5 Ke7 11. Be2 Nbd7 12. Nd3 b6 13. Bf3 Ba6 14. Bxa8 Bxc4 15. Be4 Nxe4 16. Nxe4 Bxd3 17. Bg5+ Kf8 18. 0-0-0 c4 19. Rhe1 h6 20. Bd2 h5 21. Ng5 Bf5 1-0

[Event "Belgrade-chT2 Quality"]
[Site "Belgrade"]
[Date "2022.10.30"]
[Round "7.2"]
[White "Jeremic, Dusan"]
[Black "Ristic, Luka"]
[Result "0-1"]
[WhiteElo "2090"]
[BlackElo "2278"]
[PlyCount "55"]
[EventDate "2022.10.15"]
[EventType "team-tourn"]
[EventRounds "13"]
[EventCountry "SRB"]
[SourceTitle "EXT 2024"]
[Source "ChessBase"]
[SourceDate "2023.10.10"]
[SourceVersion "1"]
[SourceVersionDate "2023.10.10"]
[SourceQuality "1"]
[WhiteTeam "Belgrade Bogoslov"]
[BlackTeam "Belgrade Polet"]
[WhiteTeamCountry "SRB"]
[BlackTeamCountry "SRB"]

1. e4 c5 2. Bc4 e6 3. Qe2 Nc6 4. c3 Be7 5. Bb3 d5 6. d3 Nf6 7. Bg5 0-0 8. Nf3 b6 9. e5 Nd7 10. Bxe7 Qxe7 11. d4 a5 12. Bc2 cxd4 13. cxd4 Nb4 14. Nc3 Ba6 15. Qd2 Nxc2+ 16. Qxc2 Kh8 17. a4 Nb8 18. h4 Nc6 19. Rd1 f6 20. exf6 Qxf6 21. Rh3 Nb4 22. Qb1 Qf5 23. Qxf5 exf5 24. Kd2 Nd3 25. Nxd5 Ra7 26. Ng5 Nxf2 27. Re3 Nxd1 28. Re7 0-1

[Event "Berlin Lichtenberger op 17th"]
[Site "Berlin"]
[Date "2018.08.23"]
[Round "6"]
[White "Jeremic, Dusan"]
[Black "Korell, Klaus Peter"]
[Result "1-0"]
[WhiteElo "2123"]
[BlackElo "1847"]
[PlyCount "61"]
[EventDate "2018.08.18"]
[EventType "swiss"]
[EventRounds "9"]
[EventCountry "GER"]
[SourceTitle "CBM 186 Extra"]
[Source "ChessBase"]
[SourceDate "2018.08.24"]
[SourceVersion "1"]
[SourceVersionDate "2018.08.24"]
[SourceQuality "1"]

1. e4 e6 2. d4 d5 3. Nc3 Bb4 4. exd5 exd5 5. Bd3 Nc6 6. Nge2 Nge7 7. 0-0 0-0 8. a3 Bxc3 9. bxc3 Bf5 10. Bb5 Na5 11. Ng3 Bg6 12. f4 Nf5 13. Nh1 c6 14. Bd3 h6 15. g4 Nd6 16. f5 Bh7 17. f6 Bxd3 18. Qxd3 Re8 19. Qf3 Re6 20. fxg7 Kxg7 21. Bf4 f6 22. Ng3 Nf7 23. Be5 Nxe5 24. dxe5 Rxe5 25. Nh5+ Kh8 26. Qxf6+ Qxf6 27. Rxf6 Rxh5 28. gxh5 Rg8+ 29. Kf2 Kh7 30. Re1 Rg7 31. Ree6 1-0

[Event "Berlin Werner Ott op"]
[Site "Berlin"]
[Date "2018.07.02"]
[Round "3"]
[White "Scholta, Danilo"]
[Black "Jeremic, Dusan"]
[Result "0-1"]
[WhiteElo "1767"]
[BlackElo "2179"]
[PlyCount "36"]
[EventDate "2018.06.30"]
[EventType "swiss"]
[EventRounds "9"]
[EventCountry "GER"]
[SourceTitle "CBM 185 Extra"]
[Source "ChessBase"]
[SourceDate "2018.07.29"]
[SourceVersion "1"]
[SourceVersionDate "2018.07.29"]
[SourceQuality "1"]

1. e4 e5 2. Nf3 Nc6 3. Bc4 Bc5 4. c3 Nf6 5. d4 exd4 6. e5 d5 7. exd6 Qxd6 8. b4 Bb6 9. 0-0 0-0 10. Qb3 dxc3 11. Ba3 Nd4 12. Nxd4 Qxd4 13. Nxc3 Ng4 14. Ne2 Qe5 15. Ng3 Nxf2 16. Rab1 Be6 17. Rxf2 Bxf2+ 18. Kxf2 Qd4+ 0-1

[Event "Berlin Werner Ott op"]
[Site "Berlin"]
[Date "2018.06.30"]
[Round "1"]
[White "Rouditser, Benjamin"]
[Black "Jeremic, Dusan"]
[Result "0-1"]
[WhiteElo "1739"]
[BlackElo "2179"]
[PlyCount "146"]
[EventDate "2018.06.30"]
[EventType "swiss"]
[EventRounds "9"]
[EventCountry "GER"]
[SourceTitle "CBM 185 Extra"]
[Source "ChessBase"]
[SourceDate "2018.07.29"]
[SourceVersion "1"]
[SourceVersionDate "2018.07.29"]
[SourceQuality "1"]

1. d4 Nf6 2. c4 e6 3. Nc3 c5 4. d5 d6 5. e4 g6 6. Nge2 exd5 7. exd5 Bg7 8. Ng3 0-0 9. Be2 Nbd7 10. Bf4 Ne8 11. 0-0 Ne5 12. Kh1 Qh4 13. Qd2 h6 14. Bxe5 Bxe5 15. f4 Bg7 16. f5 Be5 17. Kg1 Bxf5 18. Rxf5 gxf5 19. Nxf5 Qxh2+ 20. Kf2 Ng7 21. Nxh6+ Kh7 22. Ng4 Qg3+ 23. Kf1 Bf4 24. Qd3+ f5 25. Nf2 Rae8 26. Qxg3 Bxg3 27. a3 Re7 28. b4 Be5 29. Rc1 Rfe8 30. Nfd1 Bd4 31. Rc2 Nh5 32. bxc5 Ng3+ 33. Ke1 Bxc5 34. Nb2 Bd4 35. Nba4 Re3 36. Kd1 Bxc3 37. Nxc3 Rxc3 38. Rxc3 Nxe2 39. Rb3 b6 40. Kd2 f4 41. Rf3 Kg6 42. Rf2 Ng3 43. Rxf4 Re2+ 44. Kc3 Rxg2 45. Rf8 Ne4+ 46. Kd4 Ng5 47. Ra8 Rg4+ 48. Kc3 Ne4+ 49. Kb4 Nd2 50. Rxa7 Nxc4 51. Kb5 Kf5 52. a4 Ke5 53. Kc6 Rg8 54. Rc7 Ra8 55. Kb5 Ne3 56. Re7+ Kd4 57. Re6 Nc4 58. Rh6 Kxd5 59. Rh7 Ne5 60. Rh4 Nf3 61. Rf4 Nd4+ 62. Kxb6 Rxa4 63. Rf6 Rc4 64. Rh6 Rc6+ 65. Kb7 Kc5 66. Rh1 d5 67. Rd1 Rh6 68. Kc7 Rh7+ 69. Kc8 Nb5 70. Rd2 Nd6+ 71. Kb8 d4 72. Ka8 Kb6 73. Rb2+ Nb5 0-1

[Event "Vojvodina-chT"]
[Site "Novi Sad"]
[Date "2017.11.15"]
[Round "3.6"]
[White "Kovacevic, Goran D"]
[Black "Jeremic, Dusan"]
[Result "1/2-1/2"]
[WhiteElo "2163"]
[BlackElo "2199"]
[PlyCount "131"]
[EventDate "2017.11.13"]
[EventType "team-tourn"]
[EventRounds "11"]
[EventCountry "SRB"]
[SourceTitle "CBM 181 Extra"]
[Source "ChessBase"]
[SourceDate "2017.12.12"]
[SourceVersion "1"]
[SourceVersionDate "2017.12.12"]
[SourceQuality "1"]
[WhiteTeam "Srpska Crnja Buducnost"]
[BlackTeam "Indija Sloga"]
[WhiteTeamCountry "SRB"]
[BlackTeamCountry "SRB"]

1. d4 Nf6 2. c4 e6 3. Nf3 c5 4. g3 cxd4 5. Nxd4 Nc6 6. Bg2 Qb6 7. Nc2 Be7 8. 0-0 0-0 9. Nc3 d6 10. b3 Bd7 11. Bf4 e5 12. Bg5 Na5 13. Ne3 Be6 14. Qd2 Qd4 15. Qc2 Nc6 16. Rfd1 Qb6 17. Nf5 Bxf5 18. Qxf5 Qa5 19. Nb5 Rfd8 20. a3 Rac8 21. Bd2 Qa6 22. Be3 g6 23. Qb1 d5 24. cxd5 Qxb5 25. dxc6 bxc6 26. Rxd8+ Rxd8 27. Qc2 Nd5 28. Bh6 c5 29. Rd1 Nc7 30. Rxd8+ Bxd8 31. Bc1 Ne6 32. e3 Be7 33. Bb2 f6 34. Bd5 Qd7 35. Qc4 Kf7 36. e4 Bd6 37. Kf1 Ke7 38. Bxe6 Qxe6 39. Qxe6+ Kxe6 40. Ke2 Kd7 41. Kd3 Kc6 42. Kc4 a6 43. Bc3 Bf8 44. g4 Bh6 45. f3 Bc1 46. a4 Bh6 47. Ba5 Bf4 48. h3 h5 49. gxh5 gxh5 50. Bd8 Be3 51. Bxf6 Bd4 52. f4 exf4 53. Bxd4 cxd4 54. Kxd4 a5 55. e5 f3 56. Ke3 Kd5 57. Kxf3 Kxe5 58. Ke3 h4 59. Kf3 Kf5 60. Ke3 Ke5 61. b4 axb4 62. a5 Kd5 63. a6 Kc6 64. Kd4 Kb6 65. Kc4 Kxa6 66. Kxb4 1/2-1/2

[Event "Belgrade-chT"]
[Site "Belgrade"]
[Date "2016.10.17"]
[Round "9.2"]
[White "Gavric, Gazimir"]
[Black "Jeremic, Dusan"]
[Result "1-0"]
[WhiteElo "1988"]
[BlackElo "2246"]
[PlyCount "59"]
[EventDate "2016.10.08"]
[EventType "team-tourn"]
[EventRounds "13"]
[EventCountry "SRB"]
[SourceTitle "CBM 175 Extra"]
[Source "ChessBase"]
[SourceDate "2016.12.12"]
[SourceVersion "1"]
[SourceVersionDate "2016.12.12"]
[SourceQuality "1"]
[WhiteTeam "Lasta"]
[BlackTeam "Bogoslov"]
[WhiteTeamCountry "SRB"]
[BlackTeamCountry "SRB"]

1. Nf3 c5 2. Nc3 Nc6 3. e4 g6 4. Bc4 Bg7 5. d3 e6 6. 0-0 Nge7 7. Nb5 d5 8. exd5 exd5 9. Bb3 a6 10. Na3 0-0 11. c3 Qc7 12. h3 b5 13. d4 c4 14. Bc2 b4 15. Nb1 Qa5 16. cxb4 Qxb4 17. Nc3 Qb6 18. Re1 Be6 19. Na4 Qa7 20. Be3 Nf5 21. Nc5 Nfxd4 22. Nxd4 Qxc5 23. Nxe6 Qb5 24. Ba4 Qxb2 25. Nxg7 Nb4 26. Bd4 Qa3 27. Ne8 f5 28. Nf6+ Kf7 29. Qe2 Nd3 30. Qe6+ 1-0

[Event "Belgrade-chT"]
[Site "Belgrade"]
[Date "2016.10.14"]
[Round "6.5"]
[White "Jeremic, Dusan"]
[Black "Radivojevic, Milan R"]
[Result "1/2-1/2"]
[WhiteElo "2246"]
[BlackElo "2298"]
[PlyCount "24"]
[EventDate "2016.10.08"]
[EventType "team-tourn"]
[EventRounds "13"]
[EventCountry "SRB"]
[SourceTitle "EXT 2017"]
[Source "ChessBase"]
[SourceDate "2016.10.25"]
[SourceVersion "1"]
[SourceVersionDate "2016.10.25"]
[SourceQuality "1"]
[WhiteTeam "Bogoslov"]
[BlackTeam "Grocka"]
[WhiteTeamCountry "SRB"]
[BlackTeamCountry "SRB"]

1. e4 d6 2. d4 Nf6 3. Nc3 e5 4. dxe5 dxe5 5. Qxd8+ Kxd8 6. Bg5 Be6 7. Nf3 Nbd7 8. a3 c6 9. Bh4 h6 10. 0-0-0 Kc7 11. Nd2 Nb6 12. Be2 Bd6 1/2-1/2

[Event "Belgrade-chT"]
[Site "Belgrade"]
[Date "2016.10.11"]
[Round "4.4"]
[White "Jeremic, Dusan"]
[Black "Kosanovic, Dragan"]
[Result "1/2-1/2"]
[WhiteElo "2246"]
[BlackElo "2335"]
[PlyCount "68"]
[EventDate "2016.10.08"]
[EventType "team-tourn"]
[EventRounds "13"]
[EventCountry "SRB"]
[SourceTitle "EXT 2017"]
[Source "ChessBase"]
[SourceDate "2016.10.25"]
[SourceVersion "1"]
[SourceVersionDate "2016.10.25"]
[SourceQuality "1"]
[WhiteTeam "Bogoslov"]
[BlackTeam "Politika"]
[WhiteTeamCountry "SRB"]
[BlackTeamCountry "SRB"]

1. e4 c5 2. Nf3 Nc6 3. Bc4 e6 4. Qe2 Be7 5. Bb3 d5 6. d3 Nf6 7. Bg5 0-0 8. c3 b5 9. e5 Nd7 10. Bxe7 Qxe7 11. 0-0 a5 12. a4 b4 13. c4 Nb6 14. Nbd2 Ba6 15. Bc2 Rad8 16. b3 Bb7 17. Rfe1 dxc4 18. dxc4 Nd4 19. Nxd4 Rxd4 20. Nf3 Bxf3 21. Qxf3 Qc7 22. Qe3 Rfd8 23. h3 Rd2 24. Re2 Rxe2 25. Qxe2 Rd4 26. Rd1 Qd8 27. Rxd4 Qxd4 28. Qe4 Qxe4 29. Bxe4 g5 30. g3 Kg7 31. f4 h6 32. Kf2 gxf4 33. gxf4 f6 34. Ke3 f5 1/2-1/2

[Event "Belgrade-chT"]
[Site "Belgrade"]
[Date "2016.10.09"]
[Round "2.3"]
[White "Savic, Andreja"]
[Black "Jeremic, Dusan"]
[Result "1/2-1/2"]
[WhiteElo "2160"]
[BlackElo "2246"]
[PlyCount "30"]
[EventDate "2016.10.08"]
[EventType "team-tourn"]
[EventRounds "13"]
[EventCountry "SRB"]
[SourceTitle "EXT 2017"]
[Source "ChessBase"]
[SourceDate "2016.10.25"]
[SourceVersion "1"]
[SourceVersionDate "2016.10.25"]
[SourceQuality "1"]
[WhiteTeam "Belgrade"]
[BlackTeam "Bogoslov"]
[WhiteTeamCountry "SRB"]
[BlackTeamCountry "SRB"]

1. c4 Nf6 2. Nc3 e6 3. e4 d6 4. d4 c5 5. Nf3 cxd4 6. Nxd4 Be7 7. Be2 a6 8. 0-0 Qc7 9. Be3 Nbd7 10. Rc1 b6 11. Qd2 Bb7 12. f3 0-0 13. Rfd1 Rfd8 14. Bf1 Rac8 15. Qf2 Qb8 1/2-1/2

[Event "Belgrade Cup 16th"]
[Site "Belgrade"]
[Date "2016.05.12"]
[Round "4.4"]
[White "Nikolic, Momcilo"]
[Black "Jeremic, Dusan"]
[Result "0-1"]
[WhiteElo "2185"]
[BlackElo "2224"]
[PlyCount "66"]
[EventDate "2016.05.09"]
[EventType "team-swiss"]
[EventRounds "5"]
[EventCountry "SRB"]
[SourceTitle "CBM 172 Extra"]
[Source "ChessBase"]
[SourceDate "2016.06.21"]
[SourceVersion "1"]
[SourceVersionDate "2016.06.21"]
[SourceQuality "1"]
[WhiteTeam "Politika"]
[BlackTeam "Bogoslov"]
[WhiteTeamCountry "SRB"]
[BlackTeamCountry "SRB"]

1. e4 e5 2. Nf3 Nc6 3. Bc4 Bc5 4. c3 Nf6 5. d3 h6 6. a4 a5 7. h3 0-0 8. Qb3 d6 9. g4 Nh7 10. Be3 Qf6 11. Nbd2 Nd8 12. Ke2 Ne6 13. Rag1 Nf4+ 14. Bxf4 Qxf4 15. g5 hxg5 16. Nf1 Kh8 17. Ne3 c6 18. h4 g4 19. Ng5 f6 20. Bg8 fxg5 21. hxg5 Qf3+ 22. Ke1 Qxf2+ 23. Kd1 d5 24. Bxh7 Qf3+ 25. Kc2 Qe2+ 26. Kb1 Bxe3 27. Re1 Qxd3+ 28. Ka1 Bxg5 29. exd5 Qxh7 30. Rxh7+ Kxh7 31. Rxe5 Bf4 32. dxc6 bxc6 33. Re1 Bf5 0-1

[Event "Berlin Lichtenberger op 11th"]
[Site "Berlin"]
[Date "2012.08.22"]
[Round "5"]
[White "Jeremic, Dusan"]
[Black "Wendt, Jan Dietrich"]
[Result "0-1"]
[WhiteElo "2203"]
[BlackElo "2357"]
[PlyCount "84"]
[EventDate "2012.08.18"]
[EventType "swiss"]
[EventRounds "9"]
[EventCountry "GER"]
[SourceTitle "CBM 150 Extra"]
[Source "ChessBase"]
[SourceDate "2012.10.19"]
[SourceVersion "1"]
[SourceVersionDate "2012.10.19"]
[SourceQuality "1"]

1. e4 c5 2. Nc3 e6 3. g3 d5 4. d3 Nf6 5. Bg2 Nc6 6. Bg5 d4 7. Nce2 Be7 8. Bxf6 Bxf6 9. f4 Qa5+ 10. Qd2 Qxd2+ 11. Kxd2 e5 12. Bh3 h5 13. Bxc8 Rxc8 14. Nf3 h4 15. Rhg1 hxg3 16. hxg3 Kd7 17. Rh1 Kd6 18. Rag1 b5 19. Rxh8 Rxh8 20. b3 Bd8 21. Rf1 Ba5+ 22. Kc1 Bc3 23. Ng5 Rh2 24. Kd1 f6 25. Nf3 Rh3 26. Nh4 Ne7 27. Nf3 Ng6 28. f5 Ne7 29. Rg1 Nc6 30. Rg2 c4 31. dxc4 bxc4 32. Rh2 Rxh2 33. Nxh2 Kc5 34. Nf3 Ba5 35. Nd2 Bxd2 36. Kxd2 c3+ 37. Kd1 Kb4 38. g4 Ka3 39. Kc1 Nb4 40. Ng3 Nxa2+ 41. Kd1 Kb2 42. Ne2 a5 0-1

[Event "Berlin Werner Ott op"]
[Site "Berlin"]
[Date "2012.07.15"]
[Round "9"]
[White "Glantz, Robert"]
[Black "Jeremic, Dusan"]
[Result "1-0"]
[WhiteElo "2286"]
[BlackElo "2210"]
[PlyCount "93"]
[EventDate "2012.07.07"]
[EventType "swiss"]
[EventRounds "9"]
[EventCountry "GER"]
[SourceTitle "CBM 149 Extra"]
[Source "ChessBase"]
[SourceDate "2012.08.24"]
[SourceVersion "1"]
[SourceVersionDate "2012.08.24"]
[SourceQuality "1"]

1. e4 c5 2. c3 d6 3. d4 Nf6 4. Bd3 Nc6 5. Ne2 e6 6. f3 Qb6 7. Na3 cxd4 8. cxd4 d5 9. e5 Bb4+ 10. Bd2 Nd7 11. Nc2 0-0 12. Nxb4 Nxb4 13. Bb1 Nc6 14. Qc2 f5 15. Qb3 a5 16. Qxb6 Nxb6 17. a4 Nd7 18. Bd3 Ndb8 19. Rc1 Na6 20. b3 Bd7 21. Kf2 Rfc8 22. Ke3 Ncb4 23. Bxa6 Rxa6 24. Bxb4 axb4 25. Rxc8+ Bxc8 26. Rc1 Bd7 27. Rc7 Bc6 28. Nf4 b5 29. axb5 Bxb5 30. Rb7 g5 31. Nxe6 f4+ 32. Kd2 Ra2+ 33. Kc1 Bd3 34. Rg7+ Kh8 35. Rxg5 Bc2 36. Nc5 Bg6 37. e6 Ra1+ 38. Kb2 Rb1+ 39. Ka2 Rc1 40. Rxg6 hxg6 41. e7 Re1 42. Ne4 Re2+ 43. Kb1 dxe4 44. e8Q+ Kg7 45. Qe7+ Kg8 46. fxe4 Rxg2 47. Qf6 1-0

[Event "Berlin Lichtenberger Sommer 2nd"]
[Site "Berlin"]
[Date "2003.08.23"]
[Round "8.18"]
[White "Alic, Miran"]
[Black "Jeremic, Dusan"]
[Result "1-0"]
[WhiteElo "1903"]
[BlackElo "2092"]
[PlyCount "71"]
[EventDate "2003.08.16"]
[EventType "swiss"]
[EventRounds "9"]
[EventCountry "GER"]
[SourceTitle "EXT 2022"]
[Source "ChessBase"]
[SourceDate "2021.10.06"]
[SourceVersion "1"]
[SourceVersionDate "2021.10.06"]
[SourceQuality "1"]

1. e4 b6 2. d4 Bb7 3. Nc3 e6 4. Bd3 Nf6 5. Nge2 d5 6. exd5 Nxd5 7. 0-0 Nxc3 8. Nxc3 Be7 9. Be3 Nd7 10. Qd2 Nf6 11. Rad1 0-0 12. Ne2 Qd5 13. Nf4 Qxa2 14. b3 Qa3 15. f3 Qb4 16. Qf2 c5 17. Bc4 cxd4 18. Bxd4 Rfd8 19. c3 Qa5 20. Qe2 Qf5 21. Nxe6 Rd7 22. g4 Qg6 23. Bb5 Ba6 24. Bxa6 fxe6 25. Qxe6+ Kh8 26. Bd3 Qh6 27. Bxf6 Bd6 28. Rf2 Bc5 29. Qxd7 Bxf2+ 30. Kg2 gxf6 31. Qxh7+ Qxh7 32. Bxh7 Bc5 33. Be4 Rc8 34. b4 Be3 35. Rd3 Bf4 36. h3 1-0

[Event "Berlin Lichtenberger Sommer 2nd"]
[Site "Berlin"]
[Date "2003.08.20"]
[Round "5.30"]
[White "Jeremic, Dusan"]
[Black "Bandlow, Matthias"]
[Result "1-0"]
[WhiteElo "2092"]
[BlackElo "1838"]
[PlyCount "43"]
[EventDate "2003.08.16"]
[EventType "swiss"]
[EventRounds "9"]
[EventCountry "GER"]
[SourceTitle "EXT 2022"]
[Source "ChessBase"]
[SourceDate "2021.10.06"]
[SourceVersion "1"]
[SourceVersionDate "2021.10.06"]
[SourceQuality "1"]

1. e4 c5 2. d4 cxd4 3. c3 e6 4. cxd4 Bb4+ 5. Nc3 Ne7 6. Bd3 0-0 7. Nf3 h6 8. 0-0 b6 9. e5 Bxc3 10. bxc3 d6 11. Qe2 Bb7 12. a4 dxe5 13. Nxe5 Nd7 14. Ba3 Nf6 15. a5 Ned5 16. a6 Nf4 17. Qd2 Bxg2 18. Qxf4 Nh5 19. Qg4 Bxf1 20. Bxf1 Nf6 21. Qf3 Re8 22. Qb7 1-0

[Event "Berlin Lichtenberger Sommer 2nd"]
[Site "Berlin"]
[Date "2003.08.19"]
[Round "4.18"]
[White "Mueller, Peter"]
[Black "Jeremic, Dusan"]
[Result "1-0"]
[WhiteElo "1935"]
[BlackElo "2092"]
[PlyCount "85"]
[EventDate "2003.08.16"]
[EventType "swiss"]
[EventRounds "9"]
[EventCountry "GER"]
[SourceTitle "EXT 2022"]
[Source "ChessBase"]
[SourceDate "2021.10.06"]
[SourceVersion "1"]
[SourceVersionDate "2021.10.06"]
[SourceQuality "1"]

1. e4 b6 2. d4 Bb7 3. Bd3 Nf6 4. Nc3 d6 5. Be3 Nbd7 6. Nf3 g6 7. Qd2 Ng4 8. Bg5 h6 9. Bh4 Bg7 10. h3 Ngf6 11. 0-0-0 c5 12. Rhe1 cxd4 13. Nxd4 a6 14. Nb3 Rc8 15. f4 e5 16. g3 0-0 17. Rf1 Qc7 18. fxe5 dxe5 19. g4 g5 20. Bf2 Nc5 21. Nxc5 bxc5 22. Qe3 Rfd8 23. Be2 Rd4 24. Bf3 Rcd8 25. h4 Nh7 26. Nd5 Bxd5 27. exd5 Qe7 28. Qe2 Ra4 29. Kb1 e4 30. c3 Re8 31. d6 Qe6 32. d7 Qxa2+ 33. Kc2 Rd8 34. Bxe4 Nf6 35. Bc6 Rxg4 36. Bxc5 Qc4 37. Qe7 Rxd7 38. Bxd7 Rg2+ 39. Rf2 Nxd7 40. Qxd7 Bxc3 41. Qc8+ Kh7 42. Qf5+ Kg7 43. Rxg2 1-0

[Event "Berlin Lichtenberger Sommer 2nd"]
[Site "Berlin"]
[Date "2003.08.17"]
[Round "2.18"]
[White "Lindschau, Eggert"]
[Black "Jeremic, Dusan"]
[Result "0-1"]
[WhiteElo "1921"]
[BlackElo "2092"]
[PlyCount "100"]
[EventDate "2003.08.16"]
[EventType "swiss"]
[EventRounds "9"]
[EventCountry "GER"]
[SourceTitle "EXT 2022"]
[Source "ChessBase"]
[SourceDate "2021.10.06"]
[SourceVersion "1"]
[SourceVersionDate "2021.10.06"]
[SourceQuality "1"]

1. e4 b6 2. d4 Bb7 3. Nc3 e6 4. f4 Nf6 5. e5 Ne4 6. Nxe4 Bxe4 7. Nf3 d6 8. Bd3 Bxd3 9. Qxd3 Nc6 10. 0-0 Qd7 11. Bd2 Ne7 12. h3 h5 13. Rad1 d5 14. Nh4 g6 15. Be3 Nf5 16. Nxf5 gxf5 17. c4 Rg8 18. Kh2 Qc6 19. cxd5 Qxd5 20. Rf3 Be7 21. Rc1 Kd7 22. Qc4 c6 23. Qa6 Rxg2+ 24. Kxg2 Rg8+ 25. Kh2 Qxf3 26. Qb7+ Ke8 27. Qc8+ Bd8 28. Qxc6+ Qxc6 29. Rxc6 Kd7 30. Rc2 Be7 31. a3 Bh4 32. b4 Bg3+ 33. Kh1 Bh4 34. Kh2 Be7 35. Rd2 Kc6 36. d5+ exd5 37. b5+ Kxb5 38. Rxd5+ Kc6 39. Rd3 Rd8 40. Rc3+ Bc5 41. Kg3 Kb5 42. Kh4 Be7+ 43. Kg3 h4+ 44. Kf3 Bc5 45. Ke2 Rg8 46. Bxc5 bxc5 47. a4+ Kb4 48. Rc1 Rg2+ 49. Kf3 Rg3+ 50. Kf2 c4 0-1

[Event "Berlin Kreuzberg op 4th"]
[Site "Berlin"]
[Date "2003.07.10"]
[Round "6"]
[White "Brener, Ilja"]
[Black "Jeremic, Dusan"]
[Result "1-0"]
[WhiteElo "2164"]
[BlackElo "2223"]
[PlyCount "106"]
[EventDate "2003.07.05"]
[EventType "swiss"]
[EventRounds "9"]
[EventCountry "GER"]
[SourceTitle "EXT 2022"]
[Source "ChessBase"]
[SourceDate "2021.10.06"]
[SourceVersion "1"]
[SourceVersionDate "2021.10.06"]
[SourceQuality "1"]

1. d4 Nf6 2. c4 e6 3. Nc3 b6 4. a3 Bb7 5. d5 d6 6. e4 Nbd7 7. Nf3 e5 8. b4 g6 9. Be2 Bg7 10. 0-0 0-0 11. Ne1 a5 12. Be3 Qe7 13. f3 axb4 14. axb4 Rxa1 15. Qxa1 Ra8 16. Qb2 Nh5 17. Nd3 Nf4 18. Qd2 Bh6 19. Nxf4 exf4 20. Bxf4 Bxf4 21. Qxf4 Ra3 22. Nb5 Ra2 23. Re1 Ba6 24. Nxc7 Rxe2 25. Rxe2 Bxc4 26. Rc2 Ne5 27. Rxc4 Nxc4 28. Nb5 Qd7 29. Nc3 Qa7 30. Qc1 b5+ 31. Kf1 Ne3+ 32. Ke2 Nxg2 33. Nxb5 Qa2+ 34. Kd3 Qf2 35. Qc8+ Kg7 36. Qc3+ f6 37. Nd4 Nf4+ 38. Kc4 Qf1+ 39. Kb3 Qd1+ 40. Ka3 Nd3 41. b5 Ne5 42. b6 Qf1 43. Qc7+ Kh6 44. b7 Qa1+ 45. Kb3 Qb1+ 46. Ka4 Qa1+ 47. Kb5 Qxd4 48. b8Q Qd3+ 49. Kb6 Qxf3 50. Qf8+ Kg5 51. Qxh7 Qb3+ 52. Kc7 Qc3+ 53. Kb7 Qb4+ 1-0

[Event "Berlin Kreuzberg op 4th"]
[Site "Berlin"]
[Date "2003.07.09"]
[Round "5"]
[White "Jeremic, Dusan"]
[Black "Straeter, Timo"]
[Result "0-1"]
[WhiteElo "2223"]
[BlackElo "2326"]
[PlyCount "106"]
[EventDate "2003.07.05"]
[EventType "swiss"]
[EventRounds "9"]
[EventCountry "GER"]
[SourceTitle "EXT 2022"]
[Source "ChessBase"]
[SourceDate "2021.10.06"]
[SourceVersion "1"]
[SourceVersionDate "2021.10.06"]
[SourceQuality "1"]

1. e4 e5 2. Nf3 Nc6 3. Bc4 Bc5 4. d3 d6 5. h3 Nf6 6. Nc3 a6 7. Bg5 h6 8. Bxf6 Qxf6 9. Nd5 Qd8 10. c3 Ba7 11. Bb3 0-0 12. 0-0 Kh8 13. Ne3 Bd7 14. Kh2 Ne7 15. Nh4 Ng6 16. Nhf5 Be6 17. g3 Ne7 18. Qh5 Nxf5 19. Nxf5 Qg5 20. Qxg5 hxg5 21. Kg2 Bd7 22. h4 g6 23. Nh6 gxh4 24. Nxf7+ Kg7 25. Ng5 Rf6 26. gxh4 Rh8 27. f3 Rxh4 28. Rh1 Rh5 29. Rxh5 gxh5 30. Rh1 Rg6 31. Rxh5 Kf6 32. f4 exf4 33. Kf3 Rxg5 34. Rh7 Rg7 35. Rxg7 Kxg7 36. Kxf4 Kf6 37. d4 Be6 38. Bc2 Bxa2 39. b3 c5 40. e5+ dxe5+ 41. dxe5+ Ke6 42. Bh7 a5 43. b4 Ke7 44. bxa5 Bd5 45. Bf5 Bb8 46. Bc8 Kd8 47. c4 Bc6 48. Be6 Bc7 49. Kf5 Ke7 50. a6 bxa6 51. Bd5 Bxd5 52. cxd5 c4 53. Ke4 Bxe5 0-1